书目信息 |
| 题名: |
中国学术史新证
|
|
| 作者: | 廖名春 著 | |
| 分册: | ||
| 出版信息: | 成都 四川大学出版社 2005.08 |
|
| 页数: | 558页 | |
| 开本: | 20cm | |
| 丛书名: | 四川大学儒藏学术丛书 | |
| 单 册: | ||
| 中图分类: | B2-53 | |
| 科图分类: | ||
| 主题词: | 学术思想--思想史--中国--文集 | |
| 电子资源: | ||
| ISBN: | 7-5614-3098-1 | |
| 000 | 00751nam 2200241 450 | |
| 001 | 010266490859 | |
| 005 | 20051130101630.01 | |
| 010 | @a7-5614-3098-1@dCNY38.00 | |
| 100 | @a20050911d2005 km y0chiy0120 ea | |
| 101 | 0 | @achi |
| 102 | @aCN@b510000 | |
| 105 | @ay z 000yy | |
| 200 | 1 | @a中国学术史新证@Azhong guo xue shu shi xin zheng@f廖名春著@Fliao ming chun zhu |
| 210 | @a成都@c四川大学出版社@d2005.08 | |
| 215 | @a558页@d20cm | |
| 225 | 2 | @a四川大学儒藏学术丛书 |
| 330 | @a本书内容包括:经学编、疑古编、考信编及荀学编四部分。 | |
| 410 | 0 | @12001 @a四川大学儒藏学术丛书 |
| 606 | 0 | @a学术思想@x思想史@y中国@x文集 |
| 690 | @aB2-53@v4 | |
| 701 | 0 | @a廖名春@Aliao ming chun@4著 |
| 801 | 0 | @aCN@bQSSK@c20051130 |
| 905 | @a10447@dB2-53@eL469 | |
| 中国学术史新证/廖名春著.-成都:四川大学出版社,2005.08 |
| 558页;20cm.-(四川大学儒藏学术丛书) |
| ISBN 7-5614-3098-1:CNY38.00 |
| 本书内容包括:经学编、疑古编、考信编及荀学编四部分。 |
| ● |
| 相关链接 |
|
|
|
正题名:中国学术史新证
索取号:B2-53/L469
 
预约/预借
| 序号 | 登录号 | 条形码 | 馆藏地/架位号 | 状态 | 备注 |
| 1 | 576918 | 205769186 | 社科库509/509社科库 8排4列3层/ [索取号:B2-53/L469] | 在馆 | |
| 2 | 576919 | 205769195 | 社科库509/509社科库 8排4列3层/ [索取号:B2-53/L469] | 在馆 |